Objective general English for all competitive exams / (Record no. 147197)

MARC details
000 -LEADER
fixed length control field 01320nam a22002777a 4500
005 - DATE AND TIME OF LATEST TRANSACTION
control field 20190802101317.0
010 ## - LCCN (DPL NO)
LC control number B-680713 B-728289 B-728447
020 ## - INTERNATIONAL STANDARD BOOK NUMBER
Terms of availability 285.00
International Standard Book Number 9789351768449
035 ## - SYSTEM CONTROL NUMBER
System control number B-680713
035 ## - SYSTEM CONTROL NUMBER
System control number B-728289
035 ## - SYSTEM CONTROL NUMBER
System control number B-728447
037 ## - SOURCE OF ACQUISITION
Stock number DPL
Source of stock number/acquisition Pansy Books
037 ## - SOURCE OF ACQUISITION
Source of stock number/acquisition Aksharesh Enterprises
037 ## - SOURCE OF ACQUISITION
Source of stock number/acquisition RK Books
082 ## - DEWEY DECIMAL CLASSIFICATION NUMBER
Classification number 480
100 ## - MAIN ENTRY--PERSONAL NAME
Personal name Bakshi,S. P.
245 ## - TITLE STATEMENT
Title Objective general English for all competitive exams /
Statement of responsibility, etc by S. P. Bakshi
260 ## - PUBLICATION, DISTRIBUTION, ETC. (IMPRINT)
Place of publication, distribution, etc New Delhi
Name of publisher, distributor, etc Arihant Publications
Date of publication, distribution, etc (201?)
270 ## - ADDRESS
Address 4577/15, Agarwal Road, Darya Ganj
City New Delhi
Postal code 110002
300 ## - PHYSICAL DESCRIPTION
Extent 776p.
Dimensions 24cm(pbk)
500 ## - GENERAL NOTE
General note Bank (PO & Clerk), NDA, CDS, SSC (CGL, MTS, LDC), MBA, Hotel Management, MCA, UPSC, B.Ed, Exams
942 ## - ADDED ENTRY ELEMENTS (KOHA)
Source of classification or shelving scheme Dewey Decimal Classification
Item type English Books
Call number suffix BAK
Classification part 480
Holdings
Withdrawn status Lost status Not for loan Collection code Home library Current library Date acquired Source of acquisition Cost, normal purchase price Full call number Barcode Copy number Cost, replacement price Koha item type Public note
      Non-fiction Kadipur Kadipur 05/07/2019 RK Books/IN569/2019-20/17.06.2019/09/06.06.2019/28.06.2019 285.00 480 BAK B-728447 1 285.00 English Books Spl. power
      Non-fiction Patel Nagar Patel Nagar 10/05/2019 Aksharesh Enterprises/0016/06-05-19/04/23-04-19/08-05-19 285.00 480 BAK B-728289 1 285.00 English Books  
      Non-fiction Peshwa Road Peshwa Road 06/11/2017 RP-Patel Nagar- Bill No.1682, dated 5.10.2017 285.00 480 BAK B-680713 1 285.00 English Books  

© Delhi Public Library
Hit Counter
free hit counter